000 00523nam a22002057a 4500
003 OSt
005 20200420162820.0
008 180601b xxu||||| |||| 00| 0 eng d
010 _a6620128
020 _a0870020587
040 _aLB-BrCRDP
082 _a373.2467 L782g
100 _aJoseph J. Littrell
245 _aGuide to industrial teaching
260 _aU.S.A
_bChas. A. Bennett Co.
_c1970
300 _a192p
_c26cm
630 _a Industrial arts -- Study
630 _a teaching (Secondary)
942 _2ddc
_cBK
999 _c19316
_d19316